000 01041cad a22001935a 4500
001 L142365
008 080208e20080125xxk f 000 0 eng d
035 _a(Sirsi) u142365
041 0 _aeng
100 1 _aThorpe, Caroline
245 0 0 _aSurplus to requirements
260 _c2008
490 _aInside Housing
_v25 January 2008, 33-35(2)
520 _aExamines the opportunities for development offered by surplus public land. Provides an overview of the options available in these circumstances: outright purchase, acting as an agent to the landowner, acting as a consultant to the landowner, or providing the landowner with terms, conditions and price quality standards. Such areas, which by nature are each unique, may offer opportunities to help meet the government's homebuilding targets. Considers whether such land plots can satisfy heritage organisations as well as planners. Community development issues are addressed.
590 _aKA
651 4 _aUnited Kingdom
_y
690 _aPlanning and development
_96259
942 _n0
999 _c79791
_d79791